Az állami fegyelem és az életszínvonal [vezércikk]

Elmentve itt :
Bibliográfiai részletek
Dokumentumtípus: Cikk
Megjelent: 1956-05-12
Sorozat:Délmagyarország
Kulcsszavak:Gazdaságpolitika Magyarország irányelvek 1956
Online Access:http://dmarchiv.bibl.u-szeged.hu/78722
LEADER 00451nab a2200145 i 4500
001 delm78722
005 20180928084355.0
008 180928s1956 hu o 0|| hun d
040 |a SZTE Délmagyarország Archívum  |b hun 
041 |a hun 
245 0 3 |a Az állami fegyelem és az életszínvonal   |h [elektronikus dokumentum] :  |b [vezércikk] 
260 |c 1956-05-12 
300 |a 1 
490 0 |a Délmagyarország 
695 |a Gazdaságpolitika Magyarország irányelvek 1956